Butterworths Law Reports : Labour Law (Record no. 1405)

MARC details
000 -LEADER
fixed length control field 00483nam a22001697a 4500
005 - DATE AND TIME OF INPUT
control field 20240304142454.0
008 - DATA ELEMENTS--GENERAL INFORMATION
fixed length control field 240304b |||||||| |||| 00| 0 eng d
022 ## - INTERNATIONAL STANDARD SERIAL NUMBER
International Standard Serial Number 10233806
041 ## - LANGUAGE CODE
Language code of text English
082 ## - SHELF NUMBER
DDC number 349 BUT
100 ## - MAIN AUTHOR
Language of a work English
245 ## - TITLE STATEMENT
Title Butterworths Law Reports : Labour Law
260 ## - PUBLICATION, DISTRIBUTION, ETC.
Place of publication, distribution, etc. Durban :
Name of publisher, distributor, etc. LexisNexis (Pty) Ltd,
Date of publication, distribution, etc. 2016
300 ## - PHYSICAL DESCRIPTION
Other physical details xxii, 105 pages ;
Dimensions 25 cm.
650 ## - SUBJECT`
Broad subject Legal practice
Own subject terms Law
942 ## - ADDED ENTRY ELEMENTS (KOHA)
Item type Books
942 ## - ADDED ENTRY ELEMENTS (KOHA)
-- ALISON_BN_VRIES
Holdings
Source of classification or shelving scheme Volume number (bound volume or other part) Not for loan Collection code Home library Current library Shelving location Date acquired Full call number Barcode Price effective from Koha item type
Dewey Decimal Classification January 2016   TEXT BOOKS LAW SOCIETY OF NAMIBIA LIBRARY - WINDHOEK LAW SOCIETY OF NAMIBIA LIBRARY - WINDHOEK Butterworths law reports (Labor law) 03/04/2024 349 BUT LSN/2023/620 03/04/2024 Books
Dewey Decimal Classification February 2016   TEXT BOOKS LAW SOCIETY OF NAMIBIA LIBRARY - WINDHOEK LAW SOCIETY OF NAMIBIA LIBRARY - WINDHOEK Butterworths law reports (Labor law) 03/04/2024 349 BUT LSN/2023/621 03/04/2024 Books
Dewey Decimal Classification March 2016   TEXT BOOKS LAW SOCIETY OF NAMIBIA LIBRARY - WINDHOEK LAW SOCIETY OF NAMIBIA LIBRARY - WINDHOEK Butterworths law reports (Labor law) 03/04/2024 349 BUT LSN/2023/622 03/04/2024 Books
Dewey Decimal Classification April 2016   TEXT BOOKS LAW SOCIETY OF NAMIBIA LIBRARY - WINDHOEK LAW SOCIETY OF NAMIBIA LIBRARY - WINDHOEK Butterworths law reports (Labor law) 03/04/2024 349 BUT LSN/2023/623 03/04/2024 Books
Dewey Decimal Classification May 2016   TEXT BOOKS LAW SOCIETY OF NAMIBIA LIBRARY - WINDHOEK LAW SOCIETY OF NAMIBIA LIBRARY - WINDHOEK Butterworths law reports (Labor law) 03/04/2024 349 BUT LSN/2023/624 03/04/2024 Books
Dewey Decimal Classification June 2016   TEXT BOOKS LAW SOCIETY OF NAMIBIA LIBRARY - WINDHOEK LAW SOCIETY OF NAMIBIA LIBRARY - WINDHOEK Butterworths law reports (Labor law) 03/04/2024 349 BUT LSN/2023/625 03/04/2024 Books
Dewey Decimal Classification July 2016   TEXT BOOKS LAW SOCIETY OF NAMIBIA LIBRARY - WINDHOEK LAW SOCIETY OF NAMIBIA LIBRARY - WINDHOEK Butterworths law reports (Labor law) 03/04/2024 349 BUT LSN/2023/626 03/04/2024 Books
Dewey Decimal Classification August 2016   TEXT BOOKS LAW SOCIETY OF NAMIBIA LIBRARY - WINDHOEK LAW SOCIETY OF NAMIBIA LIBRARY - WINDHOEK Butterworths law reports (Labor law) 03/04/2024 349 BUT LSN/2023/627 03/04/2024 Books
Dewey Decimal Classification September 2016   TEXT BOOKS LAW SOCIETY OF NAMIBIA LIBRARY - WINDHOEK LAW SOCIETY OF NAMIBIA LIBRARY - WINDHOEK Butterworths law reports (Labor law) 03/04/2024 349 BUT LSN/2023/628 03/04/2024 Books
Dewey Decimal Classification October 2016   TEXT BOOKS LAW SOCIETY OF NAMIBIA LIBRARY - WINDHOEK LAW SOCIETY OF NAMIBIA LIBRARY - WINDHOEK Butterworths law reports (Labor law) 03/04/2024 349 BUT LSN/2023/629 03/04/2024 Books
Dewey Decimal Classification November 2016   TEXT BOOKS LAW SOCIETY OF NAMIBIA LIBRARY - WINDHOEK LAW SOCIETY OF NAMIBIA LIBRARY - WINDHOEK Butterworths law reports (Labor law) 03/04/2024 349 BUT LSN/2023/630 03/04/2024 Books
Dewey Decimal Classification December 2016   TEXT BOOKS LAW SOCIETY OF NAMIBIA LIBRARY - WINDHOEK LAW SOCIETY OF NAMIBIA LIBRARY - WINDHOEK Butterworths law reports (Labor law) 03/04/2024 349 BUT LSN/2023/631 03/04/2024 Books